| 000 | 00000nam##2200000za#4500 |
| 001 | 9.630550 |
| 003 | CaOODSP |
| 005 | 20210624213908 |
| 007 | cr ||||||||||| |
| 008 | 150407|2002||||xxc|||||o f|0| 0 fre|d |
| 020 | |a0-662-85473-X |
| 040 | |aCaOODSP|bfre |
| 043 | |an-cn--- |
| 086 | 1 |aEn37-125/2001-1F-IN |
| 110 | 1 |aCanada. |bEnvironnement Canada. |
| 245 | 13|aLa $ource verte : |h[ressource électronique]|bun répertoire de sources de financement en environnement à l'intention des organismes sans but lucratif |
| 246 | 1 |iTitre de renvoi : |aLa source verte : un répertoire de sources de financement en environnement à l'intention des organismes sans but lucratif |
| 260 | |aDartmouth - Nouvelle-Écosse : |bEnvironnement Canada |cJanvier 2002. |
| 300 | |a210p. |
| 500 | |aLe nº de catalogue (En37-125/2001-1F) et l'ISBN (0-662-85468-3) copiés dans cette édition électronique sont incorrects. |
| 520 | 3 |aCe guide de financement, publié en janvier 2002, est l’un des nombreux outils conçus par le programme de financement ÉcoAction d’Environnement Canada afin d’aider les communautés canadiennes à prendre des mesures sur des enjeux environnementaux. Ce guide fournit un résumé d’une page sur près de 100 programmes et organismes qui fournissent de l’aide sous forme de financement, de contributions aux frais de main-d’Ĺ“uvre ou de dons en nature à l’intention de groupes communautaires qui entreprennent des programmes environnementaux. Le guide est mis à jour chaque année. |
| 590 | |a12-20-Supp|b2012-05-09 |
| 691 | 07|aFinancement|2gcpds |
| 691 | 07|aProgramme relatif à l'environnement|2gcpds |
| 775 | 08|tThe green $ource : |w(CaOODSP)9.685977 |
| 856 | 40|ahttp://publications.gc.ca|qPDF|s594 Ko|uhttps://publications.gc.ca/collections/Collection/En37-125-2001-1F.pdf |